Statistiken für Top 10 Länder mit den meisten Einwanderern

Klicken Sie hier um das Quiz zu spielen!

Allgemein

  • Dieses Quiz wurde 264 mal gespielt
  • Das Durchschnittsergebnis liegt bei 7 aus 10

Antwortstatistiken

EinwandererLand% Korrekt
11,6 Mio.Deutschland
99%
46,63 Mio.Vereinigte Staaten von Amerika
99%
7,8 Mio.Frankreich
92%
5,9 Mio.Spanien
86%
7,9 Mio.Kanada
84%
6,8 Mio.Australien
77%
12,1 Mio.Russland
74%
8,5 Mio.Vereinigtes Königreich
71%
10,2 Mio.Saudi Arabien
25%
8,1 Mio.Vereinigte Arabische Emirate
5%

Verteilung der Resultate

Perzentil nach korrekt beantworteten Fragen

Anzahl Personen mit jedem Resultat

Ihre Resultats-Entwicklung

Sie haben dieses Quiz noch nicht gespielt